00282nam a2200121Ia 4500100003200000650001200032654001100044245002600055260004400081082001500125300000800140546001200148 aGirja kumar/ Krishna Kumar  aGeneral atheory aTheory of Cataloguing bVikas Publishing HouseaNew Delhic1986 a25.31bGIR a384 aENGLISH